Tysktalande Länder - Statistics

General Stats
  • This quiz has been taken 5 times
  • The average score is 4 of 7
Answer Stats
Länder % Correct
Tyskland
100%
Belgien
75%
Österrike
75%
Schweiz
75%
Luxembourg
50%
Liechtenstein
25%
Namibia
0%
No matching quizzes found
Score Distribution
Percent of People with Each Score
Percentile by Number Answered
Your Score History
You have not taken this quiz